000 00629nam a2200265Ia 4500
005 20260121173636.0
008 008 260114s9999 xx 000 0 eng d
020 _a9783642550966
037 _aEBOOK
040 _aCRL
040 _beng
040 _cCRL
041 _2eng
041 _aeng
084 _qCRL
100 _aGintar? Surblyt?
_91103394
245 0 _aCompetition on the Internet
260 _bSpringer
260 _bSpringer
260 _c2015
856 _uhttps://link.springer.com/openurl?genre=book&isbn=978-3-642-55096-6
942 _cEBOOK
999 _c1669139
_d1669139